| 000 | 00380nam a22001217a 4500 | ||
|---|---|---|---|
| 082 | _a200 THE | ||
| 100 |
_aHIRA ZAHID _969760 |
||
| 245 | _aTH-SOF-1523-The Unified Web API for Most Commonly Used Cloud Storage Providers | ||
| 260 |
_aIslamabad _bNUST College of EME _c2018 |
||
| 650 | _a MS-CSE-14 MSTHESIS | ||
| 700 |
_aSupervisor DR.MUAZZAM A.KHAN KHATTAK _969761 |
||
| 942 | _cCF | ||
| 999 |
_c576898 _d576898 |
||